| 000 | 02469cam a2200409 a 4500 | ||
|---|---|---|---|
| 999 |
_c535778 _d535778 |
||
| 001 | 15590196 | ||
| 003 | NUST | ||
| 005 | 20200923101323.0 | ||
| 008 | 090116s2009 enk b 000 0 eng | ||
| 010 | _a 2009001470 | ||
| 015 |
_aGBA910581 _2bnb |
||
| 016 | 7 |
_a014894856 _2Uk |
|
| 020 | _a9781847691439 (hbk : alk. paper) | ||
| 020 | _a1847691439 (hbk : alk. paper) | ||
| 020 | _a9781847691422 (pbk : alk. paper) | ||
| 020 | _a1847691420 (pbk : alk. paper) | ||
| 020 | _a9781847691446 (ebook) | ||
| 020 | _a1847691447 (ebook) | ||
| 035 | _a(OCoLC)ocn298670947 | ||
| 038 | _aMSOHAIL | ||
| 040 |
_aDLC _cDLC _dYDXCP _dBTCTA _dUKM _dBWKUK _dBWK _dCDX _dDLC |
||
| 050 | 0 | 0 |
_aP53.6128 _b.P65 2009 |
| 082 | 0 | 0 |
_a418.0071 _222 _bALD |
| 245 | 0 | 4 |
_aThe politics of language education : _bindividuals and institutions / _cedited by J. Charles Alderson. |
| 260 |
_aBristol, UK ; _aBuffalo [NY] : _bMultilingual Matters, _cc2009. |
||
| 300 |
_axi, 236 p. ; _c22 cm. |
||
| 440 | 0 |
_aNew perspectives on language and education _930618 |
|
| 504 | _aIncludes bibliographical references. | ||
| 505 | 0 | _aAn overview / J. Charles Alderson -- Setting the scene / J. Charles Alderson -- Professional advice vs political imperatives / Alan Davies -- Micropolitical issues in ELT project implementation / Tom Hunter -- The politics of ELT projects in China / Ron Kerr -- Teaching immigrants the language of the host community : two object lessons in the need for continuous policy development / David Little and Barbara Lazenby Simpson -- The commercialisation of language provision at university / Glenn Fulcher -- The role of micropolitics in multinational, high-stakes language assessment systems / Mark Crossey -- Challenges and constraints in language test development / Gary Buck -- The politics of examination reform in Central Europe -- Karmen Pižorn and Edit Nagy -- Language educational policies within a European framework / Neus Figueras -- The micropolitics of research and publication / J. Charles Alderson. | |
| 650 | 0 |
_aLanguage and languages _xStudy and teaching. _930619 |
|
| 650 | 0 |
_aLanguage policy. _930620 |
|
| 650 | 0 |
_aLanguage and languages _xPolitical aspects. _930621 |
|
| 700 | 1 |
_aAlderson, J. Charles. _930622 |
|
| 906 |
_a7 _bcbc _corignew _d1 _eecip _f20 _gy-gencatlg |
||
| 942 |
_2ddc _cBK |
||